000 00691nam a22002297a 4500
005 20170124110009.0
010 _aB-035207
020 _c00.00
_a812120738X
035 _aB-035207
037 _bCen Lib/Ret
040 _aDPL
_bEN
082 _a303.625
_bRIS
245 _aRise of terrorism and secessionism in Eurasia /
_cedited by V.D.Chopra
260 _aNew Delhi
_bGyan Publishing House
_c2001
270 _a5, Ansari Road
_bNew Delhi
_e110002
300 _a340p. :
_c22cm(Hb)
500 _aIncludes index
650 _aSecession -- Eurasia.
_917391
650 _aTerrorism -- Eurasia.
_917392
700 _aChopra, V.D.
_91651
942 _2ddc
_cEN
_h303.625
_mRIS
999 _c126382
_d126382